[Event "ZAM-ch"]
[Site "Lusaka"]
[Date "2017.02.12"]
[Round "8"]
[White "Nyirenda, Alick"]
[Black "Musonda, Elias"]
[Result "0-1"]
[WhiteElo "2113"]
[BlackElo "1943"]
[PlyCount "66"]
[EventDate "2017.02.09"]
[EventType "tourn"]
[EventRounds "9"]
[EventCountry "ZAM"]
[SourceTitle "CBM 176 Extra"]
[Source "ChessBase"]
[SourceDate "2017.03.02"]
[SourceVersion "1"]
[SourceVersionDate "2017.03.02"]
[SourceQuality "1"]

1. d4 Nf6 2. Nf3 e6 3. g3 d5 4. Bg2 Be7 5. 0-0 c5 6. e3 0-0 7. c3 Nc6 8. Nbd2 Rb8 9. Re1 b5 10. dxc5 Bxc5 11. Nd4 Ne7 12. N4b3 Bb6 13. a4 bxa4 14. Rxa4 Bd7 15. Ra1 Qc7 16. h3 Ng6 17. Nf3 e5 18. Nbd2 Rfe8 19. e4 dxe4 20. Nxe4 Nxe4 21. Rxe4 Bc6 22. Re1 Rbd8 23. Qe2 e4 24. Nd4 Bxd4 25. cxd4 Rxd4 26. Be3 Ra4 27. Qc2 Qd7 28. Rad1 Qb7 29. Rd6 Ra6 30. Bf1 Bb5 31. Qb3 Rxd6 32. Qxb5 Qxb5 33. Bxb5 Rb8 0-1

[Event "ZAM-ch"]
[Site "Lusaka"]
[Date "2017.02.12"]
[Round "9"]
[White "Simulundu, Judah"]
[Black "Nyirenda, Alick"]
[Result "1-0"]
[WhiteElo "2127"]
[BlackElo "2113"]
[PlyCount "61"]
[EventDate "2017.02.09"]
[EventType "tourn"]
[EventRounds "9"]
[EventCountry "ZAM"]
[SourceTitle "CBM 176 Extra"]
[Source "ChessBase"]
[SourceDate "2017.03.02"]
[SourceVersion "1"]
[SourceVersionDate "2017.03.02"]
[SourceQuality "1"]

1. e4 c5 2. Nf3 d6 3. d4 cxd4 4. Nxd4 Nf6 5. Nc3 a6 6. Bc4 e6 7. Bb3 Nc6 8. Be3 Be7 9. f3 Qc7 10. Qe2 Bd7 11. g4 b5 12. h4 Nxd4 13. Bxd4 e5 14. Be3 Be6 15. 0-0-0 h5 16. g5 Nd7 17. g6 Bxb3 18. axb3 Nf6 19. Rhg1 b4 20. Na4 Nd7 21. gxf7+ Kxf7 22. Qg2 Bf6 23. Qg6+ Ke7 24. Bg5 Rhg8 25. Rg2 Qb8 26. Rgd2 Qc8 27. Rxd6 Bxg5+ 28. Qxg5+ Nf6 29. Nb6 Qc5 30. Rd7+ Kf8 31. Rb7 1-0

[Event "ZAM-ch"]
[Site "Lusaka"]
[Date "2017.02.11"]
[Round "4"]
[White "Nyirenda, Alick"]
[Black "Katowa, Kennedy"]
[Result "1/2-1/2"]
[WhiteElo "2113"]
[BlackElo "2114"]
[PlyCount "107"]
[EventDate "2017.02.09"]
[EventType "tourn"]
[EventRounds "9"]
[EventCountry "ZAM"]
[SourceTitle "CBM 176 Extra"]
[Source "ChessBase"]
[SourceDate "2017.03.02"]
[SourceVersion "1"]
[SourceVersionDate "2017.03.02"]
[SourceQuality "1"]

1. d4 Nf6 2. c4 e6 3. Nc3 Bb4 4. Qc2 0-0 5. e3 c5 6. dxc5 Bxc3+ 7. Qxc3 Ne4 8. Qc2 Qa5+ 9. Bd2 Nxd2 10. Qxd2 Qxc5 11. Nf3 b6 12. Be2 Bb7 13. 0-0 d5 14. Rac1 Qe7 15. Nd4 Nc6 16. Nxc6 Bxc6 17. Bf3 Rfd8 18. Qc3 Qb7 19. cxd5 Bxd5 20. Bxd5 Qxd5 21. b3 Qd2 22. a3 Qxc3 23. Rxc3 Rac8 24. Rxc8 Rxc8 25. Rd1 Kf8 26. g3 Ke7 27. Rd3 Rc1+ 28. Kg2 f5 29. Kf3 Rc2 30. h3 g6 31. b4 Ra2 32. Rc3 Kd6 33. b5 Rb2 34. Rd3+ Kc5 35. Rd7 Rxb5 36. Rxa7 Ra5 37. Rxh7 Rxa3 38. Rg7 b5 39. Rxg6 b4 40. Rg8 Ra6 41. Rc8+ Kb5 42. Rc1 b3 43. Rb1 Kc4 44. e4 Kc3 45. exf5 exf5 46. Kf4 Kc2 47. Rxb3 Kxb3 48. Kxf5 Kc4 49. g4 Ra5+ 50. Kg6 Kd5 51. f4 Ra6+ 52. Kf7 Ke4 53. f5 Kf4 54. Kg7 1/2-1/2